[Event "Junior Online 4NCL Division 5"]
[Site "online"]
[Date "2021.04.01"]
[EventDate "2021.04.01"]
[Round "6.373"]
[White "Querfurth Waterman, Maya"]
[WhiteElo "742"]
[WhiteTeam "Eden Primary Knights"]
[Black "Rahman, Umar"]
[BlackElo "750"]
[BlackTeam "Manchester Juniors G"]
[Result "1-0"]
[PlyCount "79"]

1. e4 e5 2. Bc4 Bc5 3. Nf3 Nf6 4. Ng5 h6 5. Nxf7 c6 6. Nxd8 Kxd8 7. O-O b5 8. Bb3 Ng4 9. Qxg4 d6 10. Qh4+ Ke8 11. d3 Nd7 12. Nc3 Bb4 13. Ne2 Nf6 14. c3 Ba5 15. Ng3 Bd8 16. Nf5 Nh5 17. Qxh5+ Kf8 18. Nxd6 Be7 19. Nxc8 Rxc8 20. Qf3+ Bf6 21. Be6 Re8 22. Bd7 Rd8 23. Qf5 Ke7 24. Be6 Rhg8 25. d4 g6 26. Qf3 exd4 27. Bxg8 Rxg8 28. cxd4 Bxd4 29. Bxh6 Bxb2 30. Rab1 Bc3 31. Qxc3 Rh8 32. Qxh8 c5 33. Rxb5 c4 34. Rc5 a6 35. Rxc4 a5 36. Qa8 Kf6 37. Qxa5 Ke6 38. Rc6+ Kf7 39. Qa7+ Kg8 40. Rc8# 1-0

[Event "Junior Online 4NCL Division 5"]
[Site "online"]
[Date "2021.04.01"]
[EventDate "2021.04.01"]
[Round "6.374"]
[White "Pilditch, Erika"]
[WhiteElo "680"]
[WhiteTeam "Manchester Juniors G"]
[Black "Lasserson, Gabriel"]
[BlackElo "774"]
[BlackTeam "Eden Primary Knights"]
[Result "1-0"]
[PlyCount "49"]

1. e4 e5 2. Nf3 Nc6 3. d4 Nf6 4. d5 Bb4+ 5. c3 Ba5 6. dxc6 bxc6 7. Bg5 O-O 8. Nxe5 h6 9. Bxf6 Qxf6 10. Nxd7 Bxd7 11. Qxd7 Bxc3+ 12. Nxc3 Rfd8 13. Qxc7 Rdc8 14. Qd7 Rab8 15. Qxa7 Rxb2 16. Ba6 Qxc3+ 17. Kf1 Rb1+ 18. Ke2 Qxa1 19. Bxc8 Rxh1 20. Bf5 Re1+ 21. Kf3 Qc3+ 22. Kf4 g5+ 23. Kg4 f6 24. Be6+ Kf8 25. Qf7# 1-0

[Event "Junior Online 4NCL Division 5"]
[Site "online"]
[Date "2021.04.01"]
[EventDate "2021.04.01"]
[Round "6.376"]
[White "Feldman, Joshua"]
[WhiteElo "753"]
[WhiteTeam "Eden Primary Knights"]
[Black "Shaktawat, Shaurya"]
[BlackElo "845"]
[BlackTeam "Manchester Juniors G"]
[Result "0-1"]
[PlyCount "99"]

1. e4 d5 2. Nc3 e6 3. d4 Qf6 4. Be2 c5 5. e5 Qf5 6. Bd3 Qxf2+ 7. Kxf2 cxd4 8. Nb5 Bd7 9. Nc7+ Kd8 10. Nxa8 Be7 11. Bf4 Bh4+ 12. g3 Be7 13. Bg5 f6 14. Bh4 g5 15. Bxg5 fxg5 16. Qc1 g4 17. h3 Nc6 18. hxg4 Nxe5 19. Be2 Nf6 20. g5 Ne4+ 21. Kf1 Nxg3+ 22. Kg2 Nxh1 23. Kxh1 Rg8 24. c4 Bxg5 25. Qxg5+ Rxg5 26. Nh3 Rg8 27. Rg1 Rf8 28. c5 d3 29. Bd1 Bc6 30. Rg4 d4+ 31. Kg1 Nxg4 32. Bxg4 b6 33. Nxb6 axb6 34. cxb6 Rg8 35. Nf2 h5 36. Nxd3 Rxg4+ 37. Kf2 Rg2+ 38. Ke1 Rg1+ 39. Kd2 Kc8 40. b3 Kb7 41. a4 Rg2+ 42. Ke1 h4 43. Nf4 Rg1+ 44. Kf2 Rg4 45. Nxe6 h3 46. Nd8+ Kxb6 47. Nxc6 Kxc6 48. b4 h2 49. b5+ Kb6 50. Kf1 0-1

[Event "Junior Online 4NCL Division 5"]
[Site "online"]
[Date "2021.04.01"]
[EventDate "2021.04.01"]
[Round "6.377"]
[White "Rahman, Umar"]
[WhiteElo "750"]
[WhiteTeam "Manchester Juniors G"]
[Black "Querfurth Waterman, Maya"]
[BlackElo "742"]
[BlackTeam "Eden Primary Knights"]
[Result "0-1"]
[PlyCount "48"]

1. e4 e5 2. Bc4 Bc5 3. Nf3 Nf6 4. Nc3 Ng4 5. d4 exd4 6. Nxd4 O-O 7. Qxg4 d5 8. exd5 Bxg4 9. O-O Qh4 10. g3 Qh3 11. Nde2 Bxe2 12. Re1 Bxc4 13. Nd1 Na6 14. Bg5 Rfe8 15. Rxe8+ Rxe8 16. Nc3 Qf5 17. Rf1 Bxf1 18. Kxf1 Qxg5 19. h4 Qg4 20. Nb5 Qh3+ 21. Kg1 Qg4 22. c3 Qf3 23. b4 Qxf2+ 24. Kh1 Re1# 0-1

[Event "Junior Online 4NCL Division 5"]
[Site "online"]
[Date "2021.04.01"]
[EventDate "2021.04.01"]
[Round "6.378"]
[White "Lasserson, Gabriel"]
[WhiteElo "774"]
[WhiteTeam "Eden Primary Knights"]
[Black "Pilditch, Erika"]
[BlackElo "680"]
[BlackTeam "Manchester Juniors G"]
[Result "0-1"]
[PlyCount "42"]

1. e4 e5 2. Nf3 Nf6 3. Nc3 d5 4. exd5 Nxd5 5. Nxd5 Qxd5 6. d4 e4 7. Ng5 Bb4+ 8. c3 Bd6 9. c4 Qa5+ 10. Bd2 Qf5 11. c5 Bf4 12. g3 Bxd2+ 13. Qxd2 e3 14. fxe3 Qxg5 15. Bb5+ c6 16. Ba4 Qd5 17. Qe2 Qxh1+ 18. Kf2 Qxa1 19. Qh5 O-O 20. Bb3 Bh3 21. Bc2 Qf1# 0-1

[Event "Junior Online 4NCL Division 5"]
[Site "online"]
[Date "2021.04.15"]
[EventDate "2021.04.15"]
[Round "7.11"]
[White "Sanger, Jake M"]
[WhiteElo "2343"]
[WhiteTeam "Lenzie Basilisks"]
[Black "Ali, Shahvez"]
[BlackElo "1787"]
[BlackTeam "Kings College School"]
[Result "1-0"]
[PlyCount "83"]

1. d4 e6 2. c4 d5 3. Nc3 Nf6 4. cxd5 exd5 5. Bg5 Be7 6. e3 h6 7. Bh4 Bf5 8. Bd3 Bxd3 9. Qxd3 c6 10. Nf3 O-O 11. O-O Nbd7 12. h3 Re8 13. Bg3 Nb6 14. Ne5 Bd6 15. b3 Qe7 16. Rac1 Nfd7 17. Nxd7 Nxd7 18. Bxd6 Qxd6 19. b4 Nb6 20. b5 Rac8 21. bxc6 bxc6 22. Qa6 Rc7 23. Rc2 Rec8 24. Rfc1 Nc4 25. Nxd5 Qxd5 26. Qxc4 Qa5 27. Qc5 Qb6 28. d5 Qa6 29. Qd6 Qb7 30. Rxc6 Rxc6 31. Rxc6 Re8 32. Rc7 Qb1+ 33. Kh2 Qxa2 34. Qd7 Rf8 35. Rc8 Rxc8 36. Qxc8+ Kh7 37. Qf5+ Kg8 38. d6 Qd2 39. d7 Qd6+ 40. g3 Kf8 41. Qc5 Qxc5 42. d8=Q# 1-0

[Event "Junior Online 4NCL Division 5"]
[Site "online"]
[Date "2021.04.15"]
[EventDate "2021.04.15"]
[Round "7.12"]
[White "Russo, Leonardo"]
[WhiteElo "1700"]
[WhiteTeam "Kings College School"]
[Black "D Alessio, Marco"]
[BlackElo "1800"]
[BlackTeam "Lenzie Basilisks"]
[Result "0-1"]
[PlyCount "80"]

1. e4 e5 2. Nf3 Nc6 3. Bb5 a6 4. Ba4 Nf6 5. O-O Be7 6. Re1 b5 7. Bb3 O-O 8. c3 d5 9. exd5 Nxd5 10. Nxe5 Nxe5 11. Rxe5 c6 12. d4 Bd6 13. Re1 Qh4 14. g3 Qh3 15. Re4 g5 16. Bxg5 Qf5 17. Nd2 Qxg5 18. Rh4 Bf5 19. Qf3 Bg6 20. Ne4 Qe7 21. Bxd5 cxd5 22. Nf6+ Kg7 23. Nxd5 Qe6 24. Nf4 Bxf4 25. Qxf4 Qe2 26. Qe5+ Qxe5 27. dxe5 Rfd8 28. Rg4 Rd2 29. b3 Rc2 30. c4 bxc4 31. bxc4 Rc8 32. c5 R8xc5 33. f4 Kf8 34. Rg5 Be4 35. Re1 Bb7 36. Rh5 Rg2+ 37. Kf1 Rcc2 38. Rb1 Bc6 39. Rb8+ Ke7 40. Rxh7 Bb5+ 0-1

[Event "Junior Online 4NCL Division 5"]
[Site "online"]
[Date "2021.04.15"]
[EventDate "2021.04.15"]
[Round "7.13"]
[White "Tang, Liam"]
[WhiteElo "1600"]
[WhiteTeam "Lenzie Basilisks"]
[Black "Ghosh, Kabir A"]
[BlackElo "1543"]
[BlackTeam "Kings College School"]
[Result "0-1"]
[PlyCount "72"]

1. e4 c5 2. c3 Nf6 3. e5 Nd5 4. d4 cxd4 5. cxd4 d6 6. exd6 Nc6 7. Nf3 Qxd6 8. Bd3 Qb4+ 9. Qd2 Bg4 10. a3 Qxd2+ 11. Nbxd2 Bh5 12. b4 e6 13. Bb2 Be7 14. O-O Rc8 15. Rac1 O-O 16. Ne5 Nf4 17. Bb5 Nxe5 18. dxe5 Be2 19. Rxc8 Rxc8 20. Ba4 Bxf1 21. Nxf1 a6 22. g3 Ng6 23. Ne3 b5 24. Bb3 Rc7 25. Kf1 Bd8 26. Ke2 Rb7 27. Bd4 Bb6 28. Bb2 Rc7 29. f4 Ne7 30. Nf1 Kf8 31. Nd2 Nc6 32. Ba2 Nxb4 33. axb4 Rc2 34. Bb1 Rxb2 35. Be4 a5 36. bxa5 Bxa5 0-1

[Event "Junior Online 4NCL Division 5"]
[Site "online"]
[Date "2021.04.15"]
[EventDate "2021.04.15"]
[Round "7.14"]
[White "O'neill, Kai"]
[WhiteElo "1352"]
[WhiteTeam "Kings College School"]
[Black "Moroz, Michael"]
[BlackElo "1330"]
[BlackTeam "Lenzie Basilisks"]
[Result "0-1"]
[PlyCount "116"]

1. e4 e5 2. Nf3 Nc6 3. Bc4 Bc5 4. d3 h6 5. Be3 Bb6 6. Qd2 Nf6 7. Nc3 d6 8. h3 Be6 9. Bb3 Qd7 10. d4 exd4 11. Nxd4 Nxd4 12. Bxd4 Bxd4 13. Qxd4 O-O 14. O-O-O Bxb3 15. cxb3 a5 16. Nd5 Qc6+ 17. Nc3 Rfe8 18. Rhe1 b5 19. Kb1 a4 20. Nd5 Nxd5 21. Qxd5 Qxd5 22. Rxd5 axb3 23. a3 Rab8 24. Rd3 f5 25. f3 fxe4 26. fxe4 Rb7 27. Rxb3 d5 28. Rbe3 dxe4 29. Rxe4 Rxe4 30. Rxe4 Kf7 31. Kc2 c6 32. Kd3 Rd7+ 33. Rd4 Ke7 34. Rxd7+ Kxd7 35. Kd4 Kd6 36. g4 c5+ 37. Kc3 Kd5 38. b3 g5 39. b4 cxb4+ 40. Kxb4 Kc6 41. a4 bxa4 42. Kxa4 Kd5 43. Kb3 Ke4 44. Kc3 Kf3 45. Kd4 Kg3 46. Ke5 Kxh3 47. Kf6 Kxg4 48. Kg6 Kh3 49. Kh5 g4 50. Kxh6 g3 51. Kh5 g2 52. Kh6 g1=Q 53. Kh7 Qg4 54. Kh8 Kg3 55. Kh7 Kf4 56. Kh8 Kf5 57. Kh7 Kf6 58. Kh8 Qg7# 0-1

[Event "Junior Online 4NCL Division 5"]
[Site "online"]
[Date "2021.04.15"]
[EventDate "2021.04.15"]
[Round "7.15"]
[White "Ali, Shahvez"]
[WhiteElo "1787"]
[WhiteTeam "Kings College School"]
[Black "Sanger, Jake M"]
[BlackElo "2343"]
[BlackTeam "Lenzie Basilisks"]
[Result "1/2-1/2"]
[PlyCount "73"]

1. c4 Nf6 2. Nc3 e6 3. d4 d5 4. cxd5 exd5 5. g3 Bd6 6. Bg2 c6 7. Nf3 O-O 8. O-O Re8 9. Re1 h6 10. Qc2 Nbd7 11. e4 dxe4 12. Nxe4 Nxe4 13. Rxe4 Nf6 14. Rxe8+ Qxe8 15. Be3 Nd5 16. Re1 Be6 17. a3 Qd7 18. Nd2 Re8 19. Nc4 Bc7 20. b4 Bf5 21. Qd2 Nxe3 22. Rxe3 Rxe3 23. Qxe3 Qe6 24. Qxe6 Bxe6 25. Na5 Bxa5 26. bxa5 Bc4 27. f4 Kf8 28. Kf2 Ke7 29. Ke3 Kd6 30. h4 Bd5 31. Bf1 c5 32. Kd3 Kc6 33. Kc3 Be6 34. Bg2+ Bd5 35. Bf1 Be6 36. Bg2+ Bd5 37. Bf1 1/2-1/2

[Event "Junior Online 4NCL Division 5"]
[Site "online"]
[Date "2021.04.15"]
[EventDate "2021.04.15"]
[Round "7.16"]
[White "D Alessio, Marco"]
[WhiteElo "1800"]
[WhiteTeam "Lenzie Basilisks"]
[Black "Russo, Leonardo"]
[BlackElo "1700"]
[BlackTeam "Kings College School"]
[Result "1-0"]
[PlyCount "55"]

1. d4 e6 2. c4 Nf6 3. Nc3 b6 4. e4 Bb7 5. f3 Bb4 6. Bg5 Be7 7. Qd2 h6 8. Be3 d5 9. e5 Nfd7 10. Bd3 c5 11. Nge2 Nc6 12. cxd5 exd5 13. e6 Nf6 14. exf7+ Kxf7 15. Qc2 Rf8 16. O-O-O Nb4 17. Bg6+ Kg8 18. Qf5 Rc8 19. Kb1 Qd7 20. Qf4 Rce8 21. Qg3 Qd6 22. Bf4 Qe6 23. Bxh6 Nh5 24. Bxh5 Qxh6 25. Bxe8 Rxe8 26. Qc7 Ba6 27. Qd7 cxd4 28. Qxe8+ 1-0

[Event "Junior Online 4NCL Division 5"]
[Site "online"]
[Date "2021.04.15"]
[EventDate "2021.04.15"]
[Round "7.17"]
[White "Ghosh, Kabir A"]
[WhiteElo "1543"]
[WhiteTeam "Kings College School"]
[Black "Tang, Liam"]
[BlackElo "1600"]
[BlackTeam "Lenzie Basilisks"]
[Result "1-0"]
[PlyCount "85"]

1. c4 Nf6 2. Nf3 g6 3. Nc3 d6 4. g3 Bg7 5. Bg2 O-O 6. O-O e5 7. d4 Nbd7 8. Qc2 Nh5 9. Bg5 Bf6 10. Bxf6 Nhxf6 11. Rad1 exd4 12. Rxd4 Nc5 13. e4 Qe7 14. b4 Ne6 15. Rd2 Ng7 16. Nd5 Nxd5 17. Rxd5 Be6 18. Rd2 Rad8 19. Rb1 f5 20. Rbd1 c6 21. Nd4 fxe4 22. Bxe4 Qf6 23. Nxe6 Qxe6 24. Re1 Qf6 25. b5 cxb5 26. Bxb7 bxc4 27. Qxc4+ Kh8 28. Qa4 Qc3 29. Qd4 Qxd4 30. Rxd4 Nf5 31. Ra4 Rd7 32. Rxa7 d5 33. Rb1 Rb8 34. Ra8 Rxa8 35. Bxa8 d4 36. a4 d3 37. Kf1 Nd4 38. Ke1 Nf3+ 39. Bxf3 Kg7 40. Kd2 Kf6 41. Rb3 Ra7 42. Ra3 Rd7 43. Rxd3 1-0

[Event "Junior Online 4NCL Division 5"]
[Site "online"]
[Date "2021.04.15"]
[EventDate "2021.04.15"]
[Round "7.18"]
[White "Moroz, Michael"]
[WhiteElo "1330"]
[WhiteTeam "Lenzie Basilisks"]
[Black "O'neill, Kai"]
[BlackElo "1352"]
[BlackTeam "Kings College School"]
[Result "1-0"]
[PlyCount "52"]

1. e4 e5 2. Nf3 Nc6 3. d4 exd4 4. Nxd4 Nf6 5. Nxc6 bxc6 6. Nc3 d5 7. e5 Qe7 8. Bf4 Nd7 9. Qd4 f6 10. e6 Nb6 11. Be2 Bxe6 12. O-O Qf7 13. Na4 Be7 14. Bxc7 Nxa4 15. Qxa4 Bc5 16. Qxc6+ Bd7 17. Qxa8+ Ke7 18. Qxh8 Qg6 19. Qd8+ Ke6 20. Qg8+ Ke7 21. Qxd5 Bh3 22. Qxc5+ Kf7 23. Bc4+ Ke8 24. Bb5+ Kf7 25. Bg3 Be6 26. Qxa7+ Kg8 1-0

[Event "Junior Online 4NCL Division 5"]
[Site "online"]
[Date "2021.04.15"]
[EventDate "2021.04.15"]
[Round "7.21"]
[White "Kumar, Soham"]
[WhiteElo "1811"]
[WhiteTeam "Berkshire Bishops"]
[Black "Kitaev, Daniel"]
[BlackElo "1405"]
[BlackTeam "Lenzie Dementors"]
[Result "1-0"]
[PlyCount "41"]

1. e4 c6 2. d4 d5 3. e5 h5 4. h4 Bf5 5. c4 e6 6. cxd5 cxd5 7. Nc3 a6 8. Nf3 Nc6 9. Bd3 Bxd3 10. Qxd3 Nge7 11. O-O Nf5 12. Bg5 f6 13. exf6 gxf6 14. Bf4 Bd6 15. Rfe1 Qd7 16. Qxf5 Bxf4 17. Qxf4 O-O-O 18. Na4 Qc7 19. Qxc7+ Kxc7 20. Rxe6 Rhg8 21. Rxf6 1-0

[Event "Junior Online 4NCL Division 5"]
[Site "online"]
[Date "2021.04.15"]
[EventDate "2021.04.15"]
[Round "7.22"]
[White "Marenduzzo, Ollie"]
[WhiteElo "968"]
[WhiteTeam "Lenzie Dementors"]
[Black "Rybak, Teo"]
[BlackElo "1780"]
[BlackTeam "Berkshire Bishops"]
[Result "0-1"]
[PlyCount "128"]

1. e4 e6 2. d4 d5 3. exd5 exd5 4. Nc3 Nf6 5. Nf3 Bd6 6. Bd3 O-O 7. O-O Bg4 8. Bg5 c6 9. Re1 Nbd7 10. h3 Bh5 11. g4 Bg6 12. Bxg6 hxg6 13. Ne5 Qc7 14. f4 Nh7 15. Bh4 f6 16. Nxg6 Rfe8 17. Qf3 Qb6 18. Bf2 Qxb2 19. Reb1 Qxc2 20. Rxb7 Nb6 21. Re1 Rxe1+ 22. Bxe1 Qxg6 23. f5 Qe8 24. Bf2 Ng5 25. Qg2 Qc8 26. Rxb6 axb6 27. h4 Nf7 28. a4 b5 29. axb5 Ra1+ 30. Be1 Rxe1+ 31. Kf2 Rc1 32. Ne2 Rc2 33. b6 Qa6 34. Qf3 Rxe2+ 35. Qxe2 Qxe2+ 36. Kxe2 Bb8 37. b7 Nd8 38. g5 fxg5 39. hxg5 Nxb7 40. Kf3 Kf7 41. Kg4 Nd6 42. f6 gxf6 43. gxf6 Kxf6 44. Kf3 Nb5 45. Ke3 Kf5 46. Kd3 Kf4 47. Kc2 Ke4 48. Kb3 Kxd4 49. Kb4 c5+ 50. Kxb5 c4 51. Kc6 c3 52. Kb7 c2 53. Kb6 c1=Q 54. Kb7 Qc7+ 55. Ka6 Qa7+ 56. Kb5 Qc5+ 57. Ka6 Qc2 58. Kb5 Ke3 59. Kb4 d4 60. Kb5 d3 61. Kb4 d2 62. Kb5 d1=Q 63. Kb6 Qdb1+ 64. Ka6 Qca2# 0-1

[Event "Junior Online 4NCL Division 5"]
[Site "online"]
[Date "2021.04.15"]
[EventDate "2021.04.15"]
[Round "7.23"]
[White "Khoury, Theo"]
[WhiteElo "1645"]
[WhiteTeam "Berkshire Bishops"]
[Black "Tsagkarakis, Georgios"]
[BlackElo "975"]
[BlackTeam "Lenzie Dementors"]
[Result "1-0"]
[PlyCount "81"]

1. e4 e5 2. Nf3 Nc6 3. d4 exd4 4. Nxd4 Nxd4 5. Qxd4 Qf6 6. e5 Qc6 7. Nc3 Bc5 8. Qf4 Ne7 9. Be3 Ng6 10. Qg3 Bb4 11. Bd2 Qe6 12. f4 Be7 13. O-O-O c6 14. Bd3 d5 15. f5 Qxe5 16. fxg6 Qxg3 17. gxf7+ Kxf7 18. hxg3 Bf6 19. Rde1 Bd7 20. Rhf1 h6 21. Bf5 Bxf5 22. Rxf5 Rhe8 23. Rff1 Rad8 24. Rxe8 Rxe8 25. Re1 Rxe1+ 26. Bxe1 Ke6 27. Kd2 Ke5 28. Kd3 a6 29. Nd1 c5 30. Ne3 Ke6 31. c3 c4+ 32. Ke2 h5 33. Kf3 g5 34. g4 h4 35. Nf5 b5 36. Bf2 b4 37. Bd4 bxc3 38. bxc3 Be7 39. Nxe7 Kxe7 40. Ke3 Ke6 41. Kd2 1-0

[Event "Junior Online 4NCL Division 5"]
[Site "online"]
[Date "2021.04.15"]
[EventDate "2021.04.15"]
[Round "7.24"]
[White "Lynn, Angelo"]
[WhiteElo "900"]
[WhiteTeam "Lenzie Dementors"]
[Black "Sreeram, Yashasvini"]
[BlackElo "1705"]
[BlackTeam "Berkshire Bishops"]
[Result "0-1"]
[PlyCount "138"]

1. e4 c5 2. Nf3 d6 3. d4 cxd4 4. Nxd4 Nf6 5. Nc3 g6 6. Bd3 Bg7 7. Be3 Bd7 8. h3 h5 9. Qe2 Nc6 10. Nb3 a6 11. O-O-O Rc8 12. Na4 Nb4 13. Bb6 Nxd3+ 14. Qxd3 Bb5 15. Qxb5+ axb5 16. Bxd8 Kxd8 17. Nc3 b4 18. Nd5 Nxe4 19. Rhf1 Nc5 20. Nxc5 Rxc5 21. Nxb4 Rb5 22. a3 Kd7 23. Rfe1 e6 24. Re3 Bh6 25. Re1 Bxe3+ 26. Rxe3 Rf5 27. Re2 Rc8 28. Nd3 Rg5 29. g3 Rb5 30. h4 Rc6 31. Nb4 Rc4 32. Rd2 Re4 33. Kd1 Rbe5 34. Nd3 Rf5 35. f3 Rc4 36. b3 Rc6 37. Nb4 Rb6 38. Rd3 Ra5 39. Na2 Rxa3 40. Nc3 Ra1+ 41. Kd2 Rg1 42. f4 Rg2+ 43. Kc1 Kc6 44. Ne4 d5 45. Ng5 Rg1+ 46. Kb2 Kd7 47. Nxf7 Ke7 48. Ne5 Kf6 49. Nd7+ Kf5 50. Nxb6 Kg4 51. Nd7 Rxg3 52. Rxg3+ Kxg3 53. Nf8 Kxh4 54. Nxg6+ Kg4 55. Nf8 h4 56. Nxe6 h3 57. Nc5 h2 58. Nd3 Kg3 59. Nb4 h1=Q 60. Nxd5 Qxd5 61. f5 Qxf5 62. Kc3 Qc5+ 63. Kd3 b5 64. Kd2 Qd4+ 65. Kc1 b4 66. Kb1 Kf2 67. Kc1 Kf1 68. Kb1 Ke2 69. Kc1 Qa1# 0-1

[Event "Junior Online 4NCL Division 5"]
[Site "online"]
[Date "2021.04.15"]
[EventDate "2021.04.15"]
[Round "7.25"]
[White "Kitaev, Daniel"]
[WhiteElo "1405"]
[WhiteTeam "Lenzie Dementors"]
[Black "Kumar, Soham"]
[BlackElo "1811"]
[BlackTeam "Berkshire Bishops"]
[Result "0-1"]
[PlyCount "70"]

1. d4 Nf6 2. c4 c5 3. d5 b5 4. cxb5 a6 5. bxa6 Bxa6 6. Nc3 d6 7. e4 Bxf1 8. Kxf1 Nbd7 9. g3 g6 10. Kg2 Bg7 11. f3 O-O 12. h4 Ne5 13. Bf4 Qb6 14. Qe2 Rfb8 15. b3 Qb4 16. Bxe5 dxe5 17. Qe3 Qd4 18. Qxd4 exd4 19. Na4 Nd7 20. Nh3 c4 21. Rab1 Nb6 22. Nxb6 Rxa2+ 23. Nf2 Rxb6 24. bxc4 Rxb1 25. Rxb1 Rc2 26. Rb7 d3 27. Rxe7 Bd4 28. d6 Rxf2+ 29. Kh3 Kf8 30. Rb7 Ke8 31. Rb1 d2 32. Rd1 Be3 33. Kg4 h5+ 34. Kh3 Re2 35. g4 Re1 0-1

[Event "Junior Online 4NCL Division 5"]
[Site "online"]
[Date "2021.04.15"]
[EventDate "2021.04.15"]
[Round "7.26"]
[White "Rybak, Teo"]
[WhiteElo "1780"]
[WhiteTeam "Berkshire Bishops"]
[Black "Marenduzzo, Ollie"]
[BlackElo "968"]
[BlackTeam "Lenzie Dementors"]
[Result "0-1"]
[PlyCount "40"]

1. e4 d5 2. exd5 Nf6 3. Nf3 Nxd5 4. d4 Bg4 5. Be2 Nc6 6. O-O e6 7. c4 Nb6 8. Nc3 Qf6 9. d5 Na5 10. c5 Bxc5 11. dxe6 Bxe6 12. Bg5 Qg6 13. Qc1 f6 14. Bf4 Rc8 15. Nb5 Nd7 16. a3 Nb3 17. Qc3 Nxa1 18. Rxa1 c6 19. Bd3 Qf7 20. Nc7+ Kf8 0-1

[Event "Junior Online 4NCL Division 5"]
[Site "online"]
[Date "2021.04.15"]
[EventDate "2021.04.15"]
[Round "7.27"]
[White "Tsagkarakis, Georgios"]
[WhiteElo "975"]
[WhiteTeam "Lenzie Dementors"]
[Black "Khoury, Theo"]
[BlackElo "1645"]
[BlackTeam "Berkshire Bishops"]
[Result "0-1"]
[PlyCount "62"]

1. e4 c5 2. Nc3 d6 3. Bb5+ Bd7 4. Bxd7+ Qxd7 5. d3 Nc6 6. a3 g6 7. Nf3 Bg7 8. Bd2 Nf6 9. Rb1 Nd4 10. h3 b5 11. Nxd4 cxd4 12. Ne2 e5 13. Ng3 Rc8 14. c3 dxc3 15. Bxc3 O-O 16. Qe2 Rfe8 17. O-O d5 18. Rbc1 h5 19. exd5 Nxd5 20. Rfd1 Nf4 21. Qe3 Qe6 22. Qxa7 h4 23. Ne4 Ne2+ 24. Kf1 Nxc1 25. Rxc1 Red8 26. Ke2 Bh6 27. Rc2 Qb3 28. Rd2 Bxd2 29. Bxd2 Qxd3+ 30. Ke1 Rc1+ 31. Bxc1 Qd1# 0-1

[Event "Junior Online 4NCL Division 5"]
[Site "online"]
[Date "2021.04.15"]
[EventDate "2021.04.15"]
[Round "7.28"]
[White "Sreeram, Yashasvini"]
[WhiteElo "1705"]
[WhiteTeam "Berkshire Bishops"]
[Black "Lynn, Angelo"]
[BlackElo "900"]
[BlackTeam "Lenzie Dementors"]
[Result "1-0"]
[PlyCount "75"]

1. Nf3 c6 2. g3 d5 3. Bg2 Bf5 4. O-O Nf6 5. d3 Bg6 6. Nbd2 e6 7. c4 Nbd7 8. b3 Be7 9. Bb2 O-O 10. Rb1 b5 11. cxb5 cxb5 12. Nd4 a6 13. Nc6 Qe8 14. Nxe7+ Qxe7 15. Qc1 Rac8 16. Qd1 Rfd8 17. Nf3 Qd6 18. Rc1 h6 19. Qd2 Qb6 20. Bc3 Qb7 21. Ba5 Re8 22. Bc3 Rc6 23. Nd4 Rc7 24. Ba5 Rcc8 25. Nc2 Nc5 26. Nd4 Nfd7 27. b4 Na4 28. Rxc8 Rxc8 29. Rc1 Ndb6 30. Bh3 Qd7 31. a3 Bh7 32. Bxb6 Nxb6 33. Rxc8+ Qxc8 34. Qe3 Qc3 35. Nxe6 fxe6 36. Qxe6+ Kh8 37. Qe8+ Bg8 38. Be6 1-0

[Event "Junior Online 4NCL Division 5"]
[Site "online"]
[Date "2021.04.15"]
[EventDate "2021.04.15"]
[Round "7.31"]
[White "Jakhria, Kushal"]
[WhiteElo "1723"]
[WhiteTeam "Charlton Juniors"]
[Black "Longia-Zaidi, Ismail"]
[BlackElo "1608"]
[BlackTeam "Desert Penguins Saturn"]
[Result "1-0"]
[PlyCount "77"]

1. d4 Nf6 2. c4 e6 3. Nf3 b6 4. g3 Bb7 5. Bg2 Be7 6. O-O O-O 7. Nc3 d5 8. cxd5 exd5 9. Bg5 Nbd7 10. Rc1 h6 11. Bf4 c5 12. e3 c4 13. b3 Ba6 14. Re1 b5 15. Nd2 Nb6 16. e4 dxe4 17. Ndxe4 Rc8 18. Bh3 Ra8 19. Bg2 Rc8 20. Nc5 Bxc5 21. dxc5 Qxd1 22. Rexd1 Nbd7 23. c6 Nb6 24. bxc4 bxc4 25. Ne4 Nxe4 26. Bxe4 Rfe8 27. Re1 Bb5 28. Bf5 Rxe1+ 29. Rxe1 Bxc6 30. Bxc8 c3 31. Bf5 Na4 32. a3 Nb6 33. Rd1 g6 34. Bc2 Nc4 35. a4 Nb2 36. Rd4 a6 37. Be5 a5 38. Rd8+ Kh7 39. Rh8# 1-0

[Event "Junior Online 4NCL Division 5"]
[Site "online"]
[Date "2021.04.15"]
[EventDate "2021.04.15"]
[Round "7.32"]
[White "Dane, Antony"]
[WhiteElo "1382"]
[WhiteTeam "Desert Penguins Saturn"]
[Black "Bazan, Mateusz"]
[BlackElo "1457"]
[BlackTeam "Charlton Juniors"]
[Result "0-1"]
[PlyCount "80"]

1. d4 Nf6 2. c4 g6 3. Nf3 Bg7 4. Nc3 O-O 5. Bg5 b6 6. e3 Bb7 7. Bd3 d5 8. O-O Nbd7 9. Qc2 c5 10. cxd5 Nxd5 11. Nxd5 Bxd5 12. dxc5 Nxc5 13. Nd4 f6 14. Bh4 e5 15. Nb3 Bxb3 16. axb3 Qxd3 17. Qc4+ Qxc4 18. bxc4 h5 19. Bg3 Ne4 20. Rfd1 a5 21. Rac1 Rfd8 22. f3 Nxg3 23. hxg3 f5 24. b3 Bf6 25. Rxd8+ Rxd8 26. c5 Rc8 27. c6 Kf7 28. Kf2 Ke6 29. Ke2 Kd6 30. c7 Rxc7 31. Rxc7 Kxc7 32. Kd3 Kc6 33. Kc4 b5+ 34. Kc3 e4+ 35. Kd2 Kc5 36. Kc2 Kb4 37. f4 Bg7 38. Kc1 Kxb3 39. Kb1 a4 40. Kc1 a3 0-1

[Event "Junior Online 4NCL Division 5"]
[Site "online"]
[Date "2021.04.15"]
[EventDate "2021.04.15"]
[Round "7.33"]
[White "Verbytski, Oleg"]
[WhiteElo "1336"]
[WhiteTeam "Charlton Juniors"]
[Black "Bharat Kumar, Balahari"]
[BlackElo "1217"]
[BlackTeam "Desert Penguins Saturn"]
[Result "1-0"]
[PlyCount "69"]

1. e4 c5 2. Nf3 d6 3. d4 cxd4 4. Nxd4 Nf6 5. Nc3 a6 6. Be3 e6 7. f3 b5 8. Qd2 Bb7 9. O-O-O Be7 10. g4 Qc7 11. h4 Nfd7 12. g5 Nb6 13. h5 N8d7 14. Be2 Ne5 15. f4 Nec4 16. Bxc4 Nxc4 17. Qd3 Nxe3 18. Qxe3 Rc8 19. Qe2 b4 20. Nb1 d5 21. e5 Bc5 22. Nf3 Ba7 23. g6 fxg6 24. hxg6 h6 25. Rh2 a5 26. Ng5 Ke7 27. Nf7 Rhf8 28. Nd6 Rcd8 29. Qg4 Be3+ 30. Nd2 Bxf4 31. Rf2 Bg5 32. Rdf1 Rxf2 33. Rxf2 Rf8 34. Rxf8 Kxf8 35. Qxe6 1-0

[Event "Junior Online 4NCL Division 5"]
[Site "online"]
[Date "2021.04.15"]
[EventDate "2021.04.15"]
[Round "7.34"]
[White "Mo, Alex"]
[WhiteElo "1285"]
[WhiteTeam "Desert Penguins Saturn"]
[Black "Gao, Alex"]
[BlackElo "901"]
[BlackTeam "Charlton Juniors"]
[Result "1-0"]
[PlyCount "65"]

1. d4 d5 2. c4 e6 3. Nc3 Nf6 4. Bg5 Be7 5. Nf3 c6 6. cxd5 cxd5 7. e3 Nc6 8. Bd3 h6 9. Bh4 g5 10. Bg3 a6 11. h3 b5 12. a3 Bb7 13. O-O O-O 14. b4 Bd6 15. Bxd6 Qxd6 16. Rc1 Rac8 17. Rc2 Rc7 18. Qe2 Rfc8 19. Rfc1 Kg7 20. Bxb5 axb5 21. Nxb5 Qd7 22. Nxc7 Rxc7 23. b5 Rc8 24. bxc6 Bxc6 25. Ne5 Bb5 26. Nxd7 Rxc2 27. Qxc2 Bxd7 28. a4 Ne4 29. a5 Bb5 30. Ra1 Ba6 31. Qc6 Be2 32. a6 Bxa6 33. Qxa6 1-0

[Event "Junior Online 4NCL Division 5"]
[Site "online"]
[Date "2021.04.15"]
[EventDate "2021.04.15"]
[Round "7.35"]
[White "Longia-Zaidi, Ismail"]
[WhiteElo "1608"]
[WhiteTeam "Desert Penguins Saturn"]
[Black "Jakhria, Kushal"]
[BlackElo "1723"]
[BlackTeam "Charlton Juniors"]
[Result "1/2-1/2"]
[PlyCount "68"]

1. d4 Nf6 2. c4 g6 3. Nc3 d5 4. Nf3 Bg7 5. Bf4 a6 6. e3 b6 7. cxd5 Nxd5 8. Bg3 Nxc3 9. bxc3 c5 10. Bc4 O-O 11. O-O Nc6 12. d5 Na5 13. Bb3 Bxc3 14. Rc1 Bg7 15. e4 Nxb3 16. axb3 Bb7 17. Bf4 e6 18. d6 Bxe4 19. Ng5 Bb7 20. Qg4 e5 21. Be3 Qxd6 22. Qh3 h6 23. Nf3 Bxf3 24. Qxf3 Qf6 25. Qh3 Kh7 26. Rc4 g5 27. Rg4 Kg6 28. Qg3 Rad8 29. h4 Qe6 30. hxg5 h5 31. Rh4 Qxb3 32. Qf3 Rh8 33. Qe4+ f5 34. Qc6+ Kf7 1/2-1/2